Role of phospholipids and proteins on gel formation and physical properties of NR during accelerated storage (Record no. 67198)

MARC details
000 -LEADER
fixed length control field 00416nam a2200133Ia 4500
100 ## - MAIN ENTRY--AUTHOR NAME
Personal name Amnuaypornsri S
245 #0 - TITLE STATEMENT
Title Role of phospholipids and proteins on gel formation and physical properties of NR during accelerated storage
260 ## - PUBLICATION, DISTRIBUTION, ETC. (IMPRINT)
Name of publisher Kautschuk Gummi Kunststoffe
Year of publication 2009
300 ## - PHYSICAL DESCRIPTION
Number of Pages 88-92
700 ## - ADDED ENTRY--PERSONAL NAME
Personal name Nimpaiboon A.
700 ## - ADDED ENTRY--PERSONAL NAME
Personal name Sakdapipanich
942 ## - ADDED ENTRY ELEMENTS (KOHA)
Koha item type Journals
Holdings
Withdrawn status Lost status Damaged status Not for loan Home library Current library Shelving location Date acquired Serial Enumeration / chronology Koha item type
      Journals RRII Library RRII Library Rubber alert 15/07/2009 Volume 62, Issue 3 Journals